| 000 -LEADER |
| fixed length control field |
01694cam a2200433Ia 4500 |
| 001 - CONTROL NUMBER |
| control field |
7934924 |
| 003 - CONTROL NUMBER IDENTIFIER |
| control field |
OSt |
| 005 - DATE AND TIME OF LATEST TRANSACTION |
| control field |
20211214154629.0 |
| 006 - FIXED-LENGTH DATA ELEMENTS--ADDITIONAL MATERIAL CHARACTERISTICS |
| fixed length control field |
m d |
| 007 - PHYSICAL DESCRIPTION FIXED FIELD--GENERAL INFORMATION |
| fixed length control field |
cr n |
| 008 - FIXED-LENGTH DATA ELEMENTS--GENERAL INFORMATION |
| fixed length control field |
040331s2005 flua sb 001 0 eng d |
| 020 ## - INTERNATIONAL STANDARD BOOK NUMBER |
| International Standard Book Number |
1574443364 (alk. paper) |
| 035 ## - SYSTEM CONTROL NUMBER |
| System control number |
(WaSeSS)ssj0000100300 |
| 038 ## - RECORD CONTENT LICENSOR |
| Staff Name |
khadija |
| 040 ## - CATALOGING SOURCE |
| Original cataloging agency |
CaPaEBR |
| Transcribing agency |
CaPaEBR |
| Modifying agency |
WaSeSS |
| 050 #4 - LIBRARY OF CONGRESS CALL NUMBER |
| Classification number |
TS155.63 |
| Item number |
.P36 2005eb |
| 050 #4 - LIBRARY OF CONGRESS CALL NUMBER |
| Classification number |
TS183 |
| 082 04 - DEWEY DECIMAL CLASSIFICATION NUMBER |
| Classification number |
670.285 |
| Edition number |
22 |
| Author Mark |
PAO |
| 100 1# - MAIN ENTRY--PERSONAL NAME |
| Personal name |
Paolucci, Massimo, |
| Dates associated with a name |
1961- |
| 9 (RLIN) |
35882 |
| 210 10 - ABBREVIATED TITLE |
| Abbreviated title |
Agent-based manufacturing and control systems |
| 245 10 - TITLE STATEMENT |
| Title |
Agent-based manufacturing and control systems : |
| Remainder of title |
new agile manufacturing solutions for achieving peak performance / |
| Statement of responsibility, etc. |
Massimo Paolucci, Roberto Sacile. |
| 260 ## - PUBLICATION, DISTRIBUTION, ETC. |
| Place of publication, distribution, etc. |
Boca Raton, Fla. : |
| Name of publisher, distributor, etc. |
CRC Press, |
| Date of publication, distribution, etc. |
c2005. |
| 504 ## - BIBLIOGRAPHY, ETC. NOTE |
| Bibliography, etc. note |
Includes bibliographical references and index. |
| 506 ## - RESTRICTIONS ON ACCESS NOTE |
| Terms governing access |
License restrictions may limit access. |
| 563 ## - BINDING INFORMATION |
| Binding note |
Hard Cover |
| 650 #0 - SUBJECT ADDED ENTRY--TOPICAL TERM |
| Topical term or geographic name entry element |
Computer integrated manufacturing systems. |
| 9 (RLIN) |
18505 |
| 650 #0 - SUBJECT ADDED ENTRY--TOPICAL TERM |
| Topical term or geographic name entry element |
Expert systems (Computer science) |
| 9 (RLIN) |
21983 |
| 650 #0 - SUBJECT ADDED ENTRY--TOPICAL TERM |
| Topical term or geographic name entry element |
Manufacturing processes |
| General subdivision |
Automation. |
| 9 (RLIN) |
18504 |
| 650 #0 - SUBJECT ADDED ENTRY--TOPICAL TERM |
| Topical term or geographic name entry element |
Production control |
| General subdivision |
Data processing. |
| 9 (RLIN) |
86618 |
| 655 #7 - INDEX TERM--GENRE/FORM |
| Genre/form data or focus term |
Electronic books. |
| Source of term |
local |
| 9 (RLIN) |
621 |
| 700 1# - ADDED ENTRY--PERSONAL NAME |
| Personal name |
Sacile, Roberto. |
| 9 (RLIN) |
86619 |
| 710 2# - ADDED ENTRY--CORPORATE NAME |
| Corporate name or jurisdiction name as entry element |
ebrary, Inc. |
| 9 (RLIN) |
622 |
| 773 #0 - HOST ITEM ENTRY |
| Title |
ENGnetBASE |
| 773 #0 - HOST ITEM ENTRY |
| Title |
ELECTRICALENGINEERINGnetBASE |
| 856 40 - ELECTRONIC LOCATION AND ACCESS |
| Uniform Resource Identifier |
<a href="http://www.columbia.edu/cgi-bin/cul/resolve?clio7934924.001">http://www.columbia.edu/cgi-bin/cul/resolve?clio7934924.001</a> |
| Public note |
Full text available from ELECTRICALENGINEERINGnetBASE |
| 856 40 - ELECTRONIC LOCATION AND ACCESS |
| Uniform Resource Identifier |
<a href="http://www.columbia.edu/cgi-bin/cul/resolve?clio7934924.002">http://www.columbia.edu/cgi-bin/cul/resolve?clio7934924.002</a> |
| Public note |
Full text available from ENGnetBASE |
| 910 ## - USER-OPTION DATA (OCLC) |
| User-option data |
Vendor-generated brief record |
| 942 ## - ADDED ENTRY ELEMENTS (KOHA) |
| Source of classification or shelving scheme |
|
| Koha item type |
Book |